Gestión de acondicionamiento de desechos sólidos en una industria cementera con base en la Norma ISO-14001
Guardado en:
| 主要作者: | |
|---|---|
| 其他作者: | |
| 格式: | 圖書 |
| 出版: |
[San José, Costa Rica]
2005
|
| 主題: | |
| 標簽: |
添加標簽
沒有標簽, 成為第一個標記此記錄!
|
MARC
| LEADER | 00000nam a2200000Ia 4500 | ||
|---|---|---|---|
| 003 | 009543 | ||
| 005 | 20240508135151.0 | ||
| 008 | 140114s2005 cr a m 000 ||s d | ||
| 040 | |c cru CEDI | ||
| 090 | |a TFG 5082 | ||
| 100 | |a Ureña Altamirano, Santiago William, 1976- |9 2998 | ||
| 245 | |a Gestión de acondicionamiento de desechos sólidos en una industria cementera con base en la Norma ISO-14001 | ||
| 260 | |a [San José, Costa Rica] |c 2005 | ||
| 300 | |a xiii, 146 hojas : ilustraciones | ||
| 500 | |a Proyecto de graduación (licenciatura en ingeniería química)--Universidad de Costa Rica, Facultad de Ingeniería, Escuela de Ingeniería Química | ||
| 501 | |a Director de Proyecto de Graduación: Ing. Adolfo Ulate Brenes | ||
| 650 | |x INDUSTRIA DEL CEMENTO |x ASPECTOS AMBIENTALES |x RESIDUOS SOLIDOS |x GESTION AMBIENTAL |9 5983 | ||
| 700 | |a Ulate Brenes, Adolfo Mauricio,1977- |d Director del TFG |9 20 | ||
| 942 | |c TFG |h TFG 5082 |i 009543 |6 TFG_5082_009543000000000 | ||
| 999 | |c 17341 |d 17341 | ||
